000 01002naa a22002777a 4500
001 BR8701726
003 BR-BrBNA
005 20240918175757.0
007 ta
008 230509b bl.||||| |||| 00| 0 por d
040 _aBR-BrBNA
_bpor
_cBiblioteca Nacional de Agricultura
041 _a(Pt)
072 _aQ03
_b9410
090 _aQ03 BR8701726
100 1 _aMuller, F.J.
111 1 _a4. Congresso Nacional de Laticinios
_cJuiz de Fora, MG (Brazil)
_d18-22 Jul 1977
245 1 _aTeste de reducao do negro brilhante na determinacao de antibioticos no leite
260 3 _aBelo Horizonte, MG (Brasil):
_c1977.
500 _aAnais do 4. Congresso Nacional de Laticinios Belo Horizonte, MG (Brasil): 1977. p. 57-59 (BR8701726-AM)Q03
650 _aLEITE
650 _aCONTAMINACAO
650 _aANTIBIOTICO
773 0 _tAnais do 4. Congresso Nacional de Laticinios
_wQ03 BR8701726
_gBelo Horizonte, MG (Brasil), 1977. p. 57-59
909 _a202404
_bLucia
_c55
_dLucia Elande
942 _cAM
_2AGRIS
999 _c318098
_d318098